Odd One Out: Countries Quiz Stats

Quiz Updated Dec 22, 2015

Challenge
Share
Tweet
Embed
Score 0/20 Timer 08:00
6 Plays Today
Sets of Countries Odd One Out (A, B, C or D) % Correct
Have Spanish as an official language
A) Ecuador B) Equatorial Guinea C) Panama D) Togo
???
71.7%
Border the Mediterranean Sea
A) Kosovo B) Lebanon C) Monaco D) Morocco
???
64.4%
Members of the European Union
A) Bulgaria B) Croatia C) Latvia D) Iceland
???
59.4%
Have coldest extreme temperatures below -50°C
A) Estonia B) Mongolia C) Norway D) Russia
???
57.8%
Have French as an official language
A) Canada B) Guinea C) Haiti D) Sudan
???
54.5%
Capitals relocated in 2nd half 20th century
A) Kazakhstan B) Nigeria C) Syria D) Tanzania
???
50.1%
Visited by Christopher Columbus
A) Costa Rica B) Cuba C) Jamaica D) Mexico
???
50%
Members of OPEC
A) Brunei B) Iraq C) Kuwait D) Libya
???
49.3%
The Danube flows through them
A) Germany B) Romania C) Slovakia D) Slovenia
???
46.7%
Members of the Commonwealth of Nations
A) Guyana B) Philippines C) Sierra Leone D) Sri Lanka
???
45.2%
Sets of Countries Odd One Out (A, B, C or D) % Correct
Had the tallest building in the world
A) Malaysia B) Qatar C) Taiwan D) United States
???
44.4%
Renamed countries
A) Angola B) Burkina Faso C) Ghana D) Zimbabwe
???
42.1%
Former members of the Warsaw Pact
A) Albania B) Hungary C) Poland D) Serbia
???
38.2%
Populations larger than 10 million
A) Cambodia B) Paraguay C) Portugal D) Somalia
???
37.8%
East of the Prime Meridian
A) Benin B) Liberia C) Luxembourg D) Tunisia
???
34.8%
Have highest points below 1,000 meters
A) Bangladesh B) Belarus C) Senegal D) Uruguay
???
33.1%
Have population densities above 300 per km²
A) Bahrain B) Dominican Republic C) Japan D) Netherlands
???
32.3%
Have flags with exactly five stars
A) China B) Honduras C) Singapore D) Venezuela
???
31.5%
The largest city isn't the capital
A) Cameroon B) Ecuador C) Ethiopia D) United States
???
29.7%
Have land areas larger than one million km²
A) Colombia B) South Africa C) Niger D) Pakistan
???
26.1%

You're not logged in!

Compare scores with friends on all Sporcle quizzes.
Join for Free
OR
Log In

You Might Also Like...

Show Comments

Extras

Top Quizzes Today


Score Distribution

Your Account Isn't Verified!

In order to create a playlist on Sporcle, you need to verify the email address you used during registration. Go to your Sporcle Settings to finish the process.

Report this User

Report this user for behavior that violates our Community Guidelines.

Details: